| 000 | 00959nam a2200229 a 4500 | ||
|---|---|---|---|
| 001 | 21589 | ||
| 003 | CO-ViMGA | ||
| 008 | 141112s2004 ck r 000 u spa d | ||
| 020 | _a9588192633 | ||
| 040 |
_aCO-ViMGA _bspa _cCO-ViMGA |
||
| 082 | 0 | 4 | _a364.168 H375 |
| 100 | 1 |
_aHernández Quintero, Hernando A. _930837 |
|
| 245 | 1 | 0 | _aEl delito de usura |
| 260 |
_aBogotá : _bEdiciones jurídicas, _c2004 |
||
| 300 | _a135 | ||
| 505 | _aAntecedentes de la usura en la legislación colombiana 23 - - El delito de usura en el nuevo código penal 40 - - Los altos costos del dinero 81 - - Perdida de los intereses cobrados en exceso 112 - - La usura en otras legislaciones penales 121 | ||
| 590 | _aForma de adquisición : Donación fact. 8852 - - Precio : 18000 - - Proveedor : Fundación exito - - Fecha de adquisición : Junio 2007 | ||
| 650 | 1 | 4 |
_aINTERESES _930838 |
| 650 | 1 | 4 |
_aPRESTAMOS _930839 |
| 650 | 1 | 4 |
_aUSURA - LEGISLACION _930840 |
| 942 |
_2ddc _cBK |
||
| 999 |
_c30165 _d30165 |
||